| 000 | 01128 am a2200337 a 4500 | ||
|---|---|---|---|
| 005 | 20240625100245.0 | ||
| 008 | 100317s2000||||xxua f |||| 001 0 eng d | ||
| 020 | _a0912912065 | ||
| 041 | _aeng | ||
| 092 |
_c616.0757 _l18 _sDUB |
||
| 100 | 1 |
_aDubin, Dale. _9316 |
|
| 245 |
_aRapid Interpretation of EKG's. _bDr. Dubin's classic, simplified methology for under standing EKG's / _cDale Dubin. |
||
| 250 | _a6th ed. | ||
| 260 |
_aFlorida: _bCover; _c2000. |
||
| 300 |
_a368 p. _bil. |
||
| 500 | _aDubin, D. (2000). Rapid Interpretation of EKG's. Dr. Dubin's classic, simplified methology for under standing EKG's. (6th ed.). Florida : Cover. | ||
| 653 | _aBasic principles | ||
| 653 | _aRecording the EKG | ||
| 653 | _aAutonomic nervous system | ||
| 653 | _aRate | ||
| 653 | _aRhythm, part I: arrhythmias of focal origin | ||
| 653 | _aRhythm, part II: blocks | ||
| 653 | _aAxis | ||
| 653 | _aHypertrophy | ||
| 653 | _aInfarction (includes hemiblock) | ||
| 653 | _aCardiac monitor displays | ||
| 653 | _aPersonal quick reference sheets (PQRS) | ||
| 653 | _aEKG tracings | ||
| 930 | _a1651 | ||
| 942 |
_2ddc _cBK |
||
| 999 |
_c137 _d137 |
||